Democracia y sociología: reflexiones en torno a las posibilidades del quehacer sociológico en la sociedad costarricense /

Saved in:
Bibliographic Details
Main Author: Chinchila, José Carlos
Other Authors: Pichardo Muñiz, Arlette
Format: Text
Published: Heredia: UNA
Tags: Add Tag
No Tags, Be the first to tag this record!

MARC

LEADER 00000 a a2200000 04500
001 23952
003
040
090 |a 169300  
100 |a Chinchila, José Carlos  
245 |a Democracia y sociología: reflexiones en torno a las posibilidades del quehacer sociológico en la sociedad costarricense /  |c José Carlos Chinchila 
260 |a Heredia:   |b UNA  
300 |a 15 p.  
700 |a Pichardo Muñiz, Arlette  
999 |c 11646  |d 11646